00734 2200253 4500001002100000005001700021008004100038020002200079035002500101040001200126082001100138084001700149100002300166245009300189250001000282260003300292300004400325500003100369650001400400850001200414990001800426990001800444990001800462INLIS00000000000758320150916092354.0  a978-602-262-414-1 a0010-071500000000266 aYOPDYOG a796.01 a796.01 Gir O aGIRI WIARTO, 1990- aOlah ragab: dalam perspektif sosial, politik, ekonomi, IPTEK dan hiburanc/ Giri Wiarto aCet.1 aYogyakartabGraha Ilmuc2015 aix, 171 hlm.b: ilus.c; 22 cm [3 eks.] aBibliografi : hlm. 167-171 aOlah raga aYOPDYOG a14331-PD/B.15 a14332-PD/B.15 a14333-PD/B.15